| 000 | 01398cam a2200433 i 4500 | ||
|---|---|---|---|
| 001 | 24733 | ||
| 003 | KOSZ 005 | ||
| 005 | 20250722063905.0 | ||
| 008 | 970510s1995 pl |000 0 pol | ||
| 015 | _aPB 1995/6534 | ||
| 020 | _a8301117761 | ||
| 040 |
_aWA N _cWA N _dKOSZ 005/HR |
||
| 046 | _k1995 | ||
| 080 | _a658.1/.5 | ||
| 080 | _a005.2 | ||
| 080 | _a316(438)"1989/..." | ||
| 080 | _a(075.8) | ||
| 100 | 1 |
_aSikorski, Czesław _d(1943- ) _eAutor |
|
| 245 | 1 | 0 |
_aProfesjonalizm : _bfilozofia zarządzania nowoczesnym przedsiębiorstwem / _cCzesław Sikorski ; Fundacja Edukacyjna Przedsiębiorczości. |
| 260 |
_aWarszawa : _bWydaw. Naukowe PWN, _c1995. |
||
| 300 |
_a132, [3] s. ; _c21 cm. |
||
| 380 | _aKsiążki | ||
| 388 | _a1901-2000 | ||
| 388 | _a1989-2000 | ||
| 490 | 1 | _aPrzedsiębiorczość | |
| 504 | _aBibliogr. s. [134]. | ||
| 650 | 4 | _aZarządzanie | |
| 650 | 4 | _aPostawy | |
| 650 | 4 | _aPrzedsiębiorstwo | |
| 650 | 4 | _aOrganizacja | |
| 651 | 7 | _aPolska | |
| 655 | 4 | _aPodręczniki akademickie | |
| 658 | _aSocjologia i społeczeństwo | ||
| 658 | _aZarządzanie i marketing | ||
| 710 | 2 |
_aWydawnictwo Naukowe PWN _4pbl. |
|
| 830 | 0 | _aPrzedsiębiorczość (PWN) | |
| 856 |
_uhttp://koha.tu.koszalin.pl/cgi-bin/koha/opac-detail.pl?biblionumber=24733 _yKatalog online BPK |
||
| 942 |
_2UKD _cKS |
||
| 999 |
_c24733 _d24733 |
||